Dynasties that ruled Poland - Statistics

General Stats
  • This quiz has been taken 9 times
  • The average score is 12 of 17
Answer Stats
Date Answer % Correct
1386 - 1572 Jagiellon
100%
1575 - 1586 Jagiellon
100%
960 - 1291 Piast
89%
1306 - 1370 Piast
89%
1587 - 1668 Vasa
89%
1573 - 1575 Valois
78%
1291 - 1306 Přemyslid
67%
1697 - 1704 Wettin
67%
1709 - 1733 Wettin
67%
1733 - 1763 Wettin
67%
1370 - 1399 Angevin
56%
1576 - 1586 Báthory
56%
1764 - 1795 Poniatowski
56%
1674 - 1696 Sobieski
56%
1669 - 1673 Wiśniowiecki
56%
1704 - 1709 Leszczyński
44%
1733 - 1736 Leszczyński
44%
No matching quizzes found
Score Distribution
Percent of People with Each Score
Percentile by Number Answered
Your Score History
You have not taken this quiz